[Event "Ch France 2018 - Vétérans"]
[Site "?"]
[Date "2018.08.24"]
[Round "7.2"]
[White "Prie, Eric"]
[Black "Saucey, Michel"]
[Result "1-0"]
[BlackElo "2283"]
[WhiteElo "2480"]
[LiveChessVersion "1.4.4"]

1. d4 {[%clk 1:30:51]} Nf6 {[%clk 1:30:52]} 2. Nf3 {[%clk 1:31:12]} e6
{[%clk 1:30:50]} 3. Bf4 {[%clk 1:31:31]} c5 {[%clk 1:30:07]} 4. c3
{[%clk 1:31:54]} Nc6 {[%clk 1:30:06]} 5. e3 {[%clk 1:32:13]} d5 {[%clk 1:30:31]}
6. Nbd2 {[%clk 1:32:36]} cxd4 {[%clk 1:30:48]} 7. exd4 {[%clk 1:32:03]} Nh5
{[%clk 1:31:09]} 8. Be3 {[%clk 1:32:23]} Bd6 {[%clk 1:31:28]} 9. Ne5
{[%clk 1:32:36]} g6 {[%clk 1:31:46]} 10. Nd3 {[%clk 1:31:14]} O-O
{[%clk 1:26:16]} 11. Be2 {[%clk 1:31:06]} Ng7 {[%clk 1:26:33]} 12. f4
{[%clk 1:24:52]} f6 {[%clk 1:25:09]} 13. Nf3 {[%clk 1:25:15]} Nf5
{[%clk 1:20:24]} 14. Bf2 {[%clk 1:20:02]} h5 {[%clk 1:20:36]} 15. h3
{[%clk 1:16:01]} Qc7 {[%clk 0:52:16]} 16. g4 {[%clk 1:13:55]} hxg4
{[%clk 0:51:04]} 17. hxg4 {[%clk 1:13:41]} Ng7 {[%clk 0:50:55]} 18. Qc2
{[%clk 0:47:36]} Ne7 {[%clk 0:34:35]} 19. Nde5 {[%clk 0:32:03]} fxe5
{[%clk 0:31:15]} 20. fxe5 {[%clk 0:32:11]} Bb4 {[%clk 0:15:19]} 21. Qd3
{[%clk 0:30:10]} Ba5 {[%clk 0:09:40]} 22. Ng5 {[%clk 0:28:09]} Rf4
{[%clk 0:08:54]} 23. Qh3 {[%clk 0:24:53]} Kf8 {[%clk 0:09:06]} 24. Qh8+
{[%clk 0:25:02]} Ng8 {[%clk 0:09:31]} 25. O-O {[%clk 0:25:10]} Bd7
{[%clk 0:01:16]} 26. Bh4 {[%clk 0:16:52]} 1-0

[Event "Ch France 2018 - Open A"]
[Site "?"]
[Date "2018.08.24"]
[Round "7.3"]
[White "Llapasset, Jean-Louis"]
[Black "Anes, Emmanuel"]
[Result "1-0"]
[BlackElo "2029"]
[WhiteElo "2086"]
[LiveChessVersion "1.4.4"]

1. e4 {[%clk 1:30:40]} g6 {[%clk 1:30:29]} 2. d4 {[%clk 1:31:00]} Bg7
{[%clk 1:30:55]} 3. Nc3 {[%clk 1:31:07]} d6 {[%clk 1:31:18]} 4. Be3
{[%clk 1:30:43]} a6 {[%clk 1:31:39]} 5. Qd2 {[%clk 1:30:38]} b5 {[%clk 1:28:56]}
6. Be2 {[%clk 1:27:26]} Bb7 {[%clk 1:27:05]} 7. a3 {[%clk 1:27:24]} Nd7
{[%clk 1:26:20]} 8. O-O-O {[%clk 1:24:40]} Rc8 {[%clk 1:17:23]} 9. h4
{[%clk 1:21:12]} c5 {[%clk 1:11:34]} 10. f3 {[%clk 0:56:52]} b4 {[%clk 0:50:23]}
11. axb4 {[%clk 0:56:07]} cxb4 {[%clk 0:50:45]} 12. Na2 {[%clk 0:55:39]} b3
{[%clk 0:43:56]} 13. Nc3 {[%clk 0:56:02]} bxc2 {[%clk 0:42:43]} 14. Kxc2
{[%clk 0:54:40]} Qa5 {[%clk 0:42:04]} 15. Nh3 {[%clk 0:53:41]} Nb6
{[%clk 0:27:33]} 16. Ra1 {[%clk 0:50:41]} Qb4 {[%clk 0:27:56]} 17. h5
{[%clk 0:40:49]} gxh5 {[%clk 0:18:08]} 18. Nf4 {[%clk 0:39:50]} Na4
{[%clk 0:12:59]} 19. Nd3 {[%clk 0:33:44]} Qa5 {[%clk 0:10:33]} 20. Rhc1
{[%clk 0:29:34]} Qb5 {[%clk 0:05:07]} 21. Kd1 {[%clk 0:27:35]} Nxc3+
{[%clk 0:03:15]} 22. Rxc3 {[%clk 0:27:28]} Rxc3 {[%clk 0:03:14]} 23. Qxc3
{[%clk 0:27:45]} Qb6 {[%clk 0:02:41]} 24. Ra3 {[%clk 0:27:52]} Kd7
{[%clk 0:01:26]} 25. Rb3 {[%clk 0:27:16]} Qc7 {[%clk 0:00:42]} 26. Qb4
{[%clk 0:27:26]} Bc8 {[%clk 0:00:54]} 27. Nf4 {[%clk 0:26:23]} Nf6
{[%clk 0:00:53]} 28. d5 {[%clk 0:23:01]} e6 {[%clk 0:00:50]} 29. Rc3
{[%clk 0:21:06]} Qb7 {[%clk 0:00:54]} 30. dxe6+ {[%clk 0:19:22]} fxe6
{[%clk 0:01:15]} 31. Bb6 {[%clk 0:19:17]} Ne8 {[%clk 0:01:24]} 32. Rb3
{[%clk 0:16:58]} Qc6 {[%clk 0:00:47]} 33. Nxh5 {[%clk 0:14:44]} Rg8
{[%clk 0:00:40]} 34. Nxg7 {[%clk 0:14:24]} Rxg7 {[%clk 0:01:08]} 35. g4
{[%clk 0:12:51]} Ke7 {[%clk 0:00:48]} 36. e5 {[%clk 0:12:09]} Kf7
{[%clk 0:01:10]} 37. Rc3 {[%clk 0:11:49]} Qd5+ {[%clk 0:01:22]} 38. Ke1
{[%clk 0:11:54]} Qxe5 {[%clk 0:01:42]} 39. Rxc8 {[%clk 0:12:08]} Qg3+
{[%clk 0:00:52]} 40. Bf2 {[%clk 0:12:12]} Qh2 {[%clk 0:00:40]} 41. Qb8
{[%clk 0:10:45]} Nf6 {[%clk 0:29:17]} 42. Rf8+ {[%clk 0:39:48]} Kg6
{[%clk 0:18:45]} 43. Bd3+ {[%clk 0:39:52]} Kg5 {[%clk 0:17:18]} 44. Be3+
{[%clk 0:39:36]} Ng8 1-0

[Event "Ch France 2018 - Open D"]
[Site "?"]
[Date "2018.08.24"]
[Round "7.2"]
[White "Jugeau, Frederic"]
[Black "Gignoux-Pezzetti, Nathan"]
[Result "0-1"]
[BlackElo "1458"]
[WhiteElo "1409"]
[LiveChessVersion "1.4.8"]

1. e4 {[%clk 1:30:26]} e5 {[%clk 1:30:56]} 2. f4 {[%clk 1:30:49]} Bc5
{[%clk 1:31:17]} 3. Nf3 {[%clk 1:30:21]} d6 {[%clk 1:31:39]} 4. Bc4
{[%clk 1:30:24]} Nf6 {[%clk 1:30:02]} 5. Nc3 {[%clk 1:27:59]} Nc6
{[%clk 1:30:10]} 6. d3 {[%clk 1:27:56]} Bg4 {[%clk 1:30:28]} 7. Na4
{[%clk 1:26:57]} O-O {[%clk 1:29:21]} 8. Nxc5 {[%clk 1:20:13]} dxc5
{[%clk 1:29:40]} 9. h3 {[%clk 1:18:36]} Bxf3 {[%clk 1:27:35]} 10. Qxf3
{[%clk 1:14:59]} Qd6 {[%clk 1:27:07]} 11. a3 {[%clk 1:09:41]} b5 {[%clk 1:17:19]}
12. Ba2 {[%clk 1:01:15]} Nd4 {[%clk 1:12:24]} 13. Qf2 {[%clk 1:00:41]} exf4
{[%clk 0:57:56]} 14. Bxf4 {[%clk 0:58:57]} Nxc2+ {[%clk 0:57:53]} 15. Kd2
{[%clk 0:44:02]} Nxe4+ {[%clk 0:56:58]} 16. Kxc2 {[%clk 0:44:12]} Qxd3+
{[%clk 0:56:41]} 17. Kxd3 {[%clk 0:42:26]} Nxf2+ {[%clk 0:57:06]} 18. Kc2
{[%clk 0:39:18]} Nxh1 {[%clk 0:57:17]} 19. Rxh1 {[%clk 0:39:43]} c4
{[%clk 0:41:58]} 20. Bxc7 {[%clk 0:32:34]} Rfe8 {[%clk 0:40:23]} 21. Rd1
{[%clk 0:29:59]} Re2+ {[%clk 0:38:13]} 22. Rd2 {[%clk 0:30:06]} Rae8
{[%clk 0:35:17]} 23. Kd1 {[%clk 0:27:28]} Re1+ {[%clk 0:35:14]} 24. Kc2
{[%clk 0:26:57]} R8e2 {[%clk 0:34:49]} 25. Bg3 {[%clk 0:23:33]} Rxd2+
{[%clk 0:34:25]} 26. Kxd2 {[%clk 0:22:04]} Rg1 {[%clk 0:34:38]} 27. Bf2
{[%clk 0:17:19]} Rxg2 {[%clk 0:34:41]} 28. Ke2 {[%clk 0:17:29]} a6
{[%clk 0:34:18]} 29. Kf3 {[%clk 0:16:29]} Rg5 {[%clk 0:33:12]} 30. Bb1
{[%clk 0:16:06]} Rd5 {[%clk 0:31:44]} 31. Be3 {[%clk 0:14:41]} f5
{[%clk 0:17:15]} 32. Bc2 {[%clk 0:11:39]} Kf8 {[%clk 0:16:38]} 33. Kf4
{[%clk 0:11:13]} g6 {[%clk 0:16:14]} 34. h4 {[%clk 0:11:11]} Kg7 {[%clk 0:15:12]}
35. Kf3 {[%clk 0:10:28]} h6 {[%clk 0:11:52]} 36. Ke2 {[%clk 0:09:15]} Kh7
{[%clk 0:09:21]} 37. Kf3 {[%clk 0:06:15]} a5 {[%clk 0:07:44]} 38. Ke2
{[%clk 0:05:43]} b4 {[%clk 0:06:33]} 39. axb4 {[%clk 0:03:53]} axb4
{[%clk 0:06:58]} 40. Ba4 {[%clk 0:03:18]} Ra5 {[%clk 0:03:25]} 41. Bc2
{[%clk 0:01:31]} Ra2 {[%clk 0:03:16]} 42. Bc1 {[%clk 0:01:24]} c3
{[%clk 0:03:27]} 43. Kd3 {[%clk 0:21:14]} cxb2 {[%clk 0:33:05]} 44. Bd2
{[%clk 0:20:29]} Ra1 {[%clk 0:32:07]} 45. Bxb4 {[%clk 0:18:21]} b1=Q
{[%clk 0:32:14]} 46. Bxb1 {[%clk 0:18:34]} Rxb1 {[%clk 0:32:40]} 47. Be7
{[%clk 0:18:27]} Re1 {[%clk 0:32:35]} 48. Bf6 {[%clk 0:18:41]} Kg8
{[%clk 0:30:27]} 49. Kd2 {[%clk 0:18:57]} Re6 {[%clk 0:30:09]} 50. Bd4
{[%clk 0:18:43]} Re4 {[%clk 0:29:01]} 51. Bf2 {[%clk 0:19:07]} Kf7
{[%clk 0:29:13]} 52. Kd3 {[%clk 0:19:07]} Kf6 {[%clk 0:27:35]} 53. Bg3
{[%clk 0:19:21]} Ke6 {[%clk 0:26:18]} 54. Bf2 {[%clk 0:17:39]} Kd5
{[%clk 0:25:43]} 55. Bg3 {[%clk 0:17:21]} g5 {[%clk 0:23:31]} 56. hxg5
{[%clk 0:16:55]} hxg5 {[%clk 0:23:54]} 57. Bb8 {[%clk 0:16:01]} f4
{[%clk 0:23:15]} 58. Bc7 {[%clk 0:16:19]} g4 {[%clk 0:23:30]} 59. Bb6
{[%clk 0:16:36]} g3 {[%clk 0:23:32]} 60. Bg1 {[%clk 0:16:53]} f3 {[%clk 0:23:46]}
61. Bb6 {[%clk 0:16:55]} f2 {[%clk 0:24:02]} 62. Kd4+ Ke5+ 0-1

[Event "Ch France 2018"]
[Site "?"]
[Date "2018.08.25"]
[Round "8.1"]
[White "Gozzoli, Yannick"]
[Black "Gharamian, Tigran"]
[Result "1/2-1/2"]
[BlackElo "2614"]
[WhiteElo "2596"]
[LiveChessVersion "1.4.8"]

1. d4 {[%clk 1:30:55]} Nf6 {[%clk 1:30:45]} 2. c4 {[%clk 1:31:15]} e6
{[%clk 1:31:04]} 3. Nf3 {[%clk 1:31:24]} d5 {[%clk 1:31:02]} 4. Nc3
{[%clk 1:30:44]} c5 {[%clk 1:29:52]} 5. cxd5 {[%clk 1:27:36]} Nxd5
{[%clk 1:28:25]} 6. e4 {[%clk 1:25:57]} Nxc3 {[%clk 1:27:47]} 7. bxc3
{[%clk 1:26:20]} cxd4 {[%clk 1:28:04]} 8. cxd4 {[%clk 1:26:43]} Bb4+
{[%clk 1:28:20]} 9. Bd2 {[%clk 1:27:05]} Bxd2+ {[%clk 1:28:43]} 10. Qxd2
{[%clk 1:27:29]} O-O {[%clk 1:28:39]} 11. Bc4 {[%clk 1:26:19]} Nd7
{[%clk 1:25:19]} 12. O-O {[%clk 1:26:32]} b6 {[%clk 1:23:59]} 13. a4
{[%clk 1:21:03]} Bb7 {[%clk 1:20:06]} 14. Rfe1 {[%clk 1:19:08]} Nf6
{[%clk 1:18:50]} 15. Bd3 {[%clk 1:18:22]} h6 {[%clk 1:18:08]} 16. a5
{[%clk 1:13:18]} bxa5 {[%clk 1:15:00]} 17. Rxa5 {[%clk 1:07:10]} Qc7
{[%clk 1:13:14]} 18. Rc1 {[%clk 1:00:44]} Qd8 {[%clk 1:07:48]} 19. Re1
{[%clk 0:59:17]} Qc7 {[%clk 1:06:40]} 20. Rc5 {[%clk 0:57:54]} Qe7
{[%clk 0:55:16]} 21. Qa5 {[%clk 0:51:24]} Rfc8 {[%clk 0:54:04]} 22. Rxc8+
{[%clk 0:47:17]} Rxc8 {[%clk 0:53:55]} 23. Qxa7 {[%clk 0:46:27]} Qb4
{[%clk 0:52:58]} 24. Qa1 {[%clk 0:39:57]} Rc3 {[%clk 0:47:09]} 25. Qb1
{[%clk 0:37:10]} Qxb1 {[%clk 0:46:42]} 26. Bxb1 {[%clk 0:37:34]} Rb3
{[%clk 0:44:28]} 27. h3 {[%clk 0:36:03]} Rb4 {[%clk 0:42:40]} 28. g4
{[%clk 0:29:06]} g5 {[%clk 0:38:52]} 29. Kg2 {[%clk 0:28:11]} Kg7
{[%clk 0:37:11]} 30. Kg3 {[%clk 0:26:40]} Rb3 {[%clk 0:35:45]} 31. Kg2
{[%clk 0:26:04]} Rb4 {[%clk 0:35:57]} 32. Kg3 {[%clk 0:24:51]} Rb3
{[%clk 0:36:21]} 33. Kg2 {[%clk 0:25:08]} Rb4 1/2-1/2

[Event "Ch France 2018"]
[Site "?"]
[Date "2018.08.25"]
[Round "8.2"]
[White "Edouard, Romain"]
[Black "Loiseau, Quentin"]
[Result "1-0"]
[BlackElo "2417"]
[WhiteElo "2638"]
[LiveChessVersion "1.4.8"]

1. e4 {[%clk 1:30:52]} c5 {[%clk 1:30:47]} 2. Nf3 {[%clk 1:31:18]} Nc6
{[%clk 1:31:14]} 3. Bb5 {[%clk 1:31:27]} e6 {[%clk 1:31:30]} 4. Bxc6
{[%clk 1:31:13]} bxc6 {[%clk 1:31:54]} 5. b3 {[%clk 1:31:40]} f6 {[%clk 1:31:59]}
6. O-O {[%clk 1:28:13]} e5 {[%clk 1:31:08]} 7. Re1 {[%clk 1:24:32]} Ne7
{[%clk 1:29:28]} 8. c3 {[%clk 1:23:06]} d5 {[%clk 1:27:25]} 9. Qe2
{[%clk 1:15:08]} dxe4 {[%clk 1:09:49]} 10. Qxe4 {[%clk 1:15:11]} Bf5
{[%clk 1:08:42]} 11. Qc4 {[%clk 1:12:51]} Bd3 {[%clk 1:08:20]} 12. Qxc5
{[%clk 1:12:01]} Qd7 {[%clk 0:50:08]} 13. Ba3 {[%clk 1:00:48]} Nd5
{[%clk 0:44:54]} 14. Qd4 {[%clk 0:55:32]} Bxb1 {[%clk 0:33:25]} 15. Bxf8
{[%clk 0:55:46]} Bf5 {[%clk 0:22:55]} 16. Bxg7 {[%clk 0:40:29]} O-O-O
{[%clk 0:20:59]} 17. Nxe5 {[%clk 0:40:57]} fxe5 {[%clk 0:21:08]} 18. Bxe5
{[%clk 0:41:14]} Rhg8 {[%clk 0:20:08]} 19. Bg3 {[%clk 0:39:22]} h5
{[%clk 0:15:36]} 20. f3 {[%clk 0:33:14]} Rde8 {[%clk 0:14:44]} 21. Re5
{[%clk 0:32:01]} Rxe5 {[%clk 0:13:42]} 22. Qxe5 {[%clk 0:32:19]} Kb7 23. Re1 Bg6
{[%clk 0:11:18]} 24. Qd4 {[%clk 0:28:54]} Re8 {[%clk 0:10:45]} 25. Rxe8
{[%clk 0:28:29]} Qxe8 {[%clk 0:10:52]} 26. h4 {[%clk 0:28:40]} Qe6
{[%clk 0:09:25]} 27. c4 {[%clk 0:26:28]} Nb6 {[%clk 0:09:36]} 28. a4
{[%clk 0:24:43]} Qd7 {[%clk 0:08:33]} 29. Qe5 {[%clk 0:22:47]} Bc2
{[%clk 0:06:50]} 30. a5 {[%clk 0:19:11]} Nc8 {[%clk 0:07:12]} 31. d4
{[%clk 0:15:22]} Ka6 32. b4 {[%clk 0:15:14]} Bd3 {[%clk 0:04:01]} 33. Qc5
{[%clk 0:11:48]} Ne7 {[%clk 0:02:35]} 34. d5 {[%clk 0:02:32]} cxd5
{[%clk 0:02:35]} 35. b5+ {[%clk 0:03:01]} Kb7 36. Bd6 Bxc4 {[%clk 0:02:13]} 37.
a6+ {[%clk 0:01:28]} Ka8 {[%clk 0:02:42]} 38. Bxe7 {[%clk 0:01:53]} Bxb5
{[%clk 0:02:57]} 39. Bd6 {[%clk 0:01:40]} Bxa6 {[%clk 0:02:11]} 40. Qxd5+
{[%clk 0:01:52]} Bb7 {[%clk 0:02:18]} 41. Qd4 {[%clk 0:28:25]} Bc6
{[%clk 0:31:07]} 42. Qc5 {[%clk 0:27:38]} Kb7 {[%clk 0:30:08]} 43. Bg3
{[%clk 0:27:38]} Qd5 {[%clk 0:25:13]} 44. Qb4+ {[%clk 0:23:04]} Qb5
{[%clk 0:25:02]} 45. Qe7+ {[%clk 0:23:01]} Bd7 {[%clk 0:25:19]} 46. Be1
{[%clk 0:22:33]} Qd5 {[%clk 0:20:36]} 47. Qa3 {[%clk 0:20:31]} a5
{[%clk 0:18:19]} 48. Kh2 {[%clk 0:19:59]} a4 {[%clk 0:17:47]} 49. Qb4+
{[%clk 0:16:25]} Qb5 {[%clk 0:12:40]} 50. Qe7 {[%clk 0:15:53]} Qd5
{[%clk 0:12:16]} 51. Bg3 {[%clk 0:14:40]} Qb5 {[%clk 0:06:49]} 52. Qd6
{[%clk 0:10:18]} Qc6 {[%clk 0:06:14]} 53. Qb8+ {[%clk 0:10:16]} Ka6
{[%clk 0:06:42]} 54. Bf2 {[%clk 0:09:46]} Qb7 {[%clk 0:06:43]} 55. Qd6+
{[%clk 0:08:24]} Qc6 {[%clk 0:07:10]} 56. Qd3+ {[%clk 0:05:28]} Kb7 57. Qd4
{[%clk 0:05:16]} Qc7+ {[%clk 0:05:56]} 58. Bg3 {[%clk 0:05:45]} Qc6
{[%clk 0:06:14]} 59. Bd6 {[%clk 0:05:57]} Qb5 {[%clk 0:05:46]} 60. Bc5
{[%clk 0:06:15]} Qc6 {[%clk 0:05:48]} 61. Qe5 {[%clk 0:05:08]} Be8
{[%clk 0:05:31]} 62. Bd6 {[%clk 0:03:35]} Bd7 {[%clk 0:05:28]} 63. Kg3
{[%clk 0:03:46]} Qb5 {[%clk 0:04:44]} 64. Bc5 {[%clk 0:04:00]} Be8
{[%clk 0:03:45]} 65. Kf4 {[%clk 0:02:57]} Qc4+ {[%clk 0:03:50]} 66. Kg3 Qb5
{[%clk 0:04:09]} 67. Qd4 {[%clk 0:02:49]} Qd7 {[%clk 0:03:51]} 68. Bd6
{[%clk 0:02:58]} Qb5 {[%clk 0:03:33]} 69. Kf4 {[%clk 0:03:02]} Bd7
{[%clk 0:03:32]} 70. Bc5 {[%clk 0:02:48]} Be8 {[%clk 0:03:08]} 71. g4
{[%clk 0:01:29]} hxg4 {[%clk 0:03:13]} 72. fxg4 {[%clk 0:01:58]} Bd7
{[%clk 0:02:48]} 73. Qb4 {[%clk 0:00:45]} Kc8 {[%clk 0:02:19]} 74. Qxb5
{[%clk 0:01:03]} Bxb5 {[%clk 0:02:48]} 75. g5 {[%clk 0:00:45]} Kd7
{[%clk 0:02:01]} 76. g6 {[%clk 0:01:00]} Ke6 {[%clk 0:02:13]} 77. Kg5
{[%clk 0:01:26]} Kd5 1-0

[Event "Ch France 2018"]
[Site "?"]
[Date "2018.08.25"]
[Round "8.3"]
[White "Fressinet, Laurent"]
[Black "Bauer, Christian"]
[Result "1/2-1/2"]
[BlackElo "2636"]
[WhiteElo "2645"]
[LiveChessVersion "1.4.8"]

1. e4 {[%clk 1:30:54]} e6 {[%clk 1:23:42]} 2. d4 {[%clk 1:30:46]} d5
{[%clk 1:24:10]} 3. Nc3 {[%clk 1:31:08]} Bb4 {[%clk 1:21:50]} 4. e5
{[%clk 1:30:49]} c5 {[%clk 1:20:49]} 5. a3 {[%clk 1:29:06]} Bxc3+
{[%clk 1:21:14]} 6. bxc3 {[%clk 1:29:29]} Qa5 {[%clk 1:19:57]} 7. Bd2
{[%clk 1:28:33]} Qa4 {[%clk 1:16:03]} 8. Qg4 {[%clk 1:28:43]} g6 {[%clk 1:16:02]}
9. h4 {[%clk 1:22:13]} Nc6 {[%clk 1:03:36]} 10. h5 {[%clk 1:10:55]} Qxc2
{[%clk 0:56:01]} 11. hxg6 {[%clk 1:03:17]} Qxg6 {[%clk 0:45:03]} 12. Qxg6
{[%clk 0:55:35]} fxg6 {[%clk 0:45:32]} 13. Bd3 {[%clk 0:55:55]} Kf7
{[%clk 0:43:14]} 14. Nf3 {[%clk 0:53:15]} c4 {[%clk 0:43:32]} 15. Bc2
{[%clk 0:52:55]} Bd7 {[%clk 0:35:10]} 16. Ke2 {[%clk 0:49:16]} Kg7
{[%clk 0:32:46]} 17. Rh3 {[%clk 0:40:13]} h6 {[%clk 0:28:07]} 18. g4
{[%clk 0:28:45]} b5 {[%clk 0:17:59]} 19. Nh4 {[%clk 0:19:18]} Nge7
{[%clk 0:17:06]} 20. Rah1 {[%clk 0:13:54]} h5 {[%clk 0:07:55]} 21. Rg1
{[%clk 0:07:09]} hxg4 {[%clk 0:06:04]} 22. Rxg4 {[%clk 0:07:37]} Kf7
{[%clk 0:05:46]} 23. Rhg3 {[%clk 0:06:16]} Ke8 {[%clk 0:02:55]} 24. Nxg6
{[%clk 0:03:30]} Nxg6 {[%clk 0:03:21]} 25. Rxg6 {[%clk 0:03:35]} Kd8
{[%clk 0:03:34]} 26. Rf6 {[%clk 0:02:13]} Kc7 {[%clk 0:03:27]} 27. Rf7
{[%clk 0:01:38]} Raf8 {[%clk 0:03:05]} 28. Rxf8 {[%clk 0:01:07]} Rxf8
{[%clk 0:03:34]} 29. Rg7 {[%clk 0:01:25]} a5 {[%clk 0:02:50]} 30. f4
{[%clk 0:00:58]} Kc8 {[%clk 0:02:16]} 31. Be3 {[%clk 0:01:14]} b4
{[%clk 0:01:47]} 32. axb4 {[%clk 0:01:19]} axb4 {[%clk 0:02:16]} 33. cxb4
{[%clk 0:01:20]} Nxb4 {[%clk 0:02:39]} 34. Kd2 {[%clk 0:00:57]} Nxc2
{[%clk 0:02:15]} 35. Kxc2 {[%clk 0:01:26]} Rh8 {[%clk 0:02:13]} 36. Rg3
{[%clk 0:01:18]} Kc7 {[%clk 0:01:00]} 37. Bd2 {[%clk 0:01:21]} Rh2
{[%clk 0:01:15]} 38. Kc3 {[%clk 0:01:28]} Kc6 {[%clk 0:00:42]} 39. Bc1
{[%clk 0:00:51]} Rf2 {[%clk 0:00:35]} 40. Bd2 {[%clk 0:00:51]} Kb5
{[%clk 0:00:48]} 41. Bc1 {[%clk 0:29:47]} Be8 {[%clk 0:25:46]} 42. Rg8
{[%clk 0:28:38]} Rf3+ {[%clk 0:24:26]} 43. Kc2 {[%clk 0:28:40]} Bh5
{[%clk 0:24:07]} 44. Bd2 {[%clk 0:26:21]} Kc6 {[%clk 0:17:36]} 45. f5
{[%clk 0:16:43]} exf5 {[%clk 0:07:49]} 46. Rd8 {[%clk 0:16:18]} f4
{[%clk 0:08:04]} 47. Rd6+ {[%clk 0:16:34]} Kb7 {[%clk 0:07:55]} 48. Rh6
{[%clk 0:12:29]} Bg4 {[%clk 0:03:28]} 49. Rf6 {[%clk 0:12:44]} Bd7
{[%clk 0:02:59]} 50. Rf7 {[%clk 0:09:15]} Kc8 {[%clk 0:03:26]} 51. Rf8+
{[%clk 0:09:24]} Kb7 {[%clk 0:03:38]} 52. Rf7 {[%clk 0:09:50]} Kc8
{[%clk 0:04:07]} 53. Rf8+ {[%clk 0:10:15]} Kc7 {[%clk 0:03:05]} 54. Rf7
{[%clk 0:10:30]} Kc8 1/2-1/2

[Event "Ch France 2018"]
[Site "?"]
[Date "2018.08.25"]
[Round "8.4"]
[White "Bacrot, Etienne"]
[Black "Le Roux, Jean-Pierre"]
[Result "1-0"]
[BlackElo "2539"]
[WhiteElo "2699"]
[LiveChessVersion "1.4.8"]

1. e4 {[%clk 1:30:57]} e5 {[%clk 1:28:55]} 2. Nf3 {[%clk 1:31:21]} Nf6
{[%clk 1:29:15]} 3. Nxe5 {[%clk 1:31:14]} d6 {[%clk 1:29:38]} 4. Nf3
{[%clk 1:31:39]} Nxe4 {[%clk 1:29:58]} 5. d4 {[%clk 1:31:53]} d5 {[%clk 1:30:03]}
6. Bd3 {[%clk 1:31:50]} Bd6 {[%clk 1:30:04]} 7. O-O {[%clk 1:31:05]} O-O
{[%clk 1:30:25]} 8. c4 {[%clk 1:29:40]} c6 {[%clk 1:30:15]} 9. Nc3
{[%clk 1:29:24]} Nxc3 {[%clk 1:30:19]} 10. bxc3 {[%clk 1:29:51]} dxc4
{[%clk 1:30:18]} 11. Bxc4 {[%clk 1:30:14]} Bf5 {[%clk 1:30:22]} 12. Bd3
{[%clk 1:28:49]} Bxd3 {[%clk 1:29:08]} 13. Qxd3 {[%clk 1:29:17]} Nd7
{[%clk 1:28:38]} 14. c4 {[%clk 1:29:31]} Re8 {[%clk 1:19:00]} 15. g3
{[%clk 1:23:53]} Qf6 {[%clk 1:10:13]} 16. Rb1 {[%clk 1:21:20]} b6
{[%clk 1:06:50]} 17. Rd1 {[%clk 1:20:29]} Nf8 {[%clk 0:59:27]} 18. Kg2
{[%clk 1:16:13]} Qg6 {[%clk 0:54:16]} 19. a4 {[%clk 1:14:39]} Qxd3
{[%clk 0:53:52]} 20. Rxd3 {[%clk 1:15:07]} Nd7 {[%clk 0:49:06]} 21. Be3
{[%clk 1:13:55]} g6 {[%clk 0:43:20]} 22. a5 {[%clk 1:09:52]} Rab8
{[%clk 0:38:16]} 23. Ra1 {[%clk 1:08:50]} Rec8 {[%clk 0:30:53]} 24. c5
{[%clk 1:03:09]} Bc7 {[%clk 0:23:40]} 25. d5 {[%clk 0:37:56]} bxc5
{[%clk 0:17:34]} 26. dxc6 {[%clk 0:34:11]} Ne5 {[%clk 0:17:44]} 27. Rd5
{[%clk 0:34:27]} Nxc6 {[%clk 0:15:59]} 28. Rxc5 {[%clk 0:34:48]} Bd6
{[%clk 0:14:00]} 29. Rd5 {[%clk 0:34:10]} Bf8 {[%clk 0:12:25]} 30. Rd7
{[%clk 0:32:04]} Rd8 {[%clk 0:09:16]} 31. Rc7 {[%clk 0:31:39]} Rdc8
{[%clk 0:08:07]} 32. Rxc8 {[%clk 0:31:58]} Rxc8 {[%clk 0:08:34]} 33. Rc1
{[%clk 0:31:12]} Ne7 {[%clk 0:07:57]} 34. Rxc8 {[%clk 0:24:19]} Nxc8
{[%clk 0:08:22]} 35. Ne5 {[%clk 0:20:05]} a6 {[%clk 0:03:25]} 36. Nd7
{[%clk 0:20:01]} Bd6 {[%clk 0:02:11]} 37. Kf3 {[%clk 0:18:27]} f5
{[%clk 0:02:04]} 38. Nc5 {[%clk 0:13:18]} Bxc5 {[%clk 0:01:27]} 39. Bxc5
{[%clk 0:13:37]} Kf7 {[%clk 0:01:07]} 40. Kf4 {[%clk 0:14:00]} Kf6
{[%clk 0:00:45]} 41. Bd4+ {[%clk 0:10:45]} Ke6 {[%clk 0:25:37]} 42. Kg5
{[%clk 0:39:40]} Nd6 {[%clk 0:21:08]} 43. Kh6 {[%clk 0:39:26]} Kf7
{[%clk 0:18:25]} 44. Kxh7 {[%clk 0:38:02]} Ne4 {[%clk 0:18:42]} 45. Kh6
{[%clk 0:33:47]} Nd2 {[%clk 0:18:54]} 46. Bc3 {[%clk 0:23:30]} Ne4
{[%clk 0:17:42]} 47. Be1 {[%clk 0:21:03]} Nc5 {[%clk 0:18:03]} 48. f3
{[%clk 0:20:18]} Nd3 {[%clk 0:08:00]} 49. Bc3 {[%clk 0:19:37]} Nc1
{[%clk 0:08:02]} 50. Kg5 {[%clk 0:17:05]} Ne2 {[%clk 0:08:26]} 51. Bb2
{[%clk 0:16:26]} Ng1 {[%clk 0:08:43]} 52. Kf4 {[%clk 0:16:36]} Ke6
{[%clk 0:04:22]} 53. Ke3 {[%clk 0:13:02]} g5 {[%clk 0:04:17]} 54. f4
{[%clk 0:05:09]} g4 {[%clk 0:03:29]} 55. Bd4 {[%clk 0:03:38]} Kd5
{[%clk 0:03:10]} 56. Bb6 {[%clk 0:03:10]} Kc4 {[%clk 0:02:58]} 57. Kf2
{[%clk 0:03:03]} Nh3+ {[%clk 0:00:50]} 58. Ke2 {[%clk 0:03:27]} Kc3
{[%clk 0:01:13]} 59. Bc5 {[%clk 0:03:51]} Kc4 {[%clk 0:01:31]} 60. Ba7
{[%clk 0:03:54]} Kc3 {[%clk 0:01:14]} 61. Bb6 {[%clk 0:04:17]} Kc4
{[%clk 0:00:48]} 62. Kd2 {[%clk 0:04:40]} Kd5 {[%clk 0:00:31]} 63. Kd3
{[%clk 0:05:03]} Kc6 {[%clk 0:00:34]} 64. Kc4 {[%clk 0:05:26]} Kd6
{[%clk 0:00:54]} 65. Be3 {[%clk 0:05:51]} Kd5+ 1-0

[Event "Ch France 2018"]
[Site "?"]
[Date "2018.08.25"]
[Round "8.5"]
[White "Maze, Sebastien"]
[Black "Cornette, Matthieu"]
[Result "1/2-1/2"]
[BlackElo "2593"]
[WhiteElo "2612"]
[LiveChessVersion "1.4.8"]

1. e4 {[%clk 1:29:30]} c5 {[%clk 1:30:29]} 2. Nc3 {[%clk 1:29:36]} Nc6
{[%clk 1:30:41]} 3. Nge2 {[%clk 1:28:29]} d6 {[%clk 1:29:32]} 4. d4
{[%clk 1:27:02]} cxd4 {[%clk 1:29:00]} 5. Nxd4 {[%clk 1:25:29]} e5
{[%clk 1:29:11]} 6. Nf5 {[%clk 1:25:28]} Bxf5 {[%clk 1:29:33]} 7. exf5
{[%clk 1:25:52]} Qd7 {[%clk 1:29:56]} 8. Nd5 {[%clk 1:25:01]} Nge7
{[%clk 1:29:12]} 9. f6 {[%clk 1:22:50]} Nxd5 {[%clk 1:29:25]} 10. fxg7
{[%clk 1:23:06]} Bxg7 {[%clk 1:29:47]} 11. Qxd5 {[%clk 1:23:31]} Qe6
{[%clk 1:28:50]} 12. Bc4 {[%clk 1:18:36]} Nd4 {[%clk 1:27:53]} 13. Qxe6+
{[%clk 1:15:36]} fxe6 {[%clk 1:28:15]} 14. Bd3 {[%clk 1:14:32]} d5
{[%clk 1:25:43]} 15. f3 {[%clk 1:11:46]} h5 {[%clk 1:23:24]} 16. Be3
{[%clk 1:09:46]} Nf5 {[%clk 1:20:26]} 17. Bf2 {[%clk 1:09:06]} Bh6
{[%clk 1:17:44]} 18. O-O {[%clk 1:08:15]} Ne3 {[%clk 1:15:11]} 19. Rfe1
{[%clk 1:07:52]} d4 {[%clk 1:15:30]} 20. c3 {[%clk 1:06:18]} Kf7 {[%clk 1:13:52]}
21. cxd4 {[%clk 1:04:24]} exd4 {[%clk 1:14:10]} 22. Rac1 {[%clk 1:04:18]} Rac8
{[%clk 1:14:00]} 23. Be4 {[%clk 1:02:44]} b6 {[%clk 1:14:05]} 24. g3
{[%clk 1:02:33]} e5 {[%clk 1:11:38]} 25. Rxc8 {[%clk 0:58:09]} Rxc8
{[%clk 1:11:19]} 26. Bxe3 {[%clk 0:58:30]} Bxe3+ {[%clk 1:11:18]} 27. Kg2 Kf6
{[%clk 1:10:37]} 28. Re2 {[%clk 0:59:03]} h4 {[%clk 1:10:15]} 29. Rc2
{[%clk 0:59:17]} Rxc2+ {[%clk 1:10:41]} 30. Bxc2 {[%clk 0:59:41]} hxg3
{[%clk 1:11:09]} 31. Kxg3 {[%clk 0:59:48]} Bf4+ {[%clk 1:11:15]} 32. Kg2 Kg5
{[%clk 1:11:11]} 33. b3 {[%clk 1:00:04]} Be3 {[%clk 1:11:22]} 34. Kg3
{[%clk 1:00:13]} Bf4+ {[%clk 1:12:32]} 35. Kg2 Be3 1/2-1/2